000 00516nam a2200181Ia 4500
999 _c14283
_d14283
003 OSt
005 20201028131218.0
008 190216s9999||||xx |||||||||||||| ||und||
020 _a9781853260384
040 _coclc
082 _a823.912
_bCHI/R
100 _aChilders, Erskine
_96151
245 4 _aThe Riddle Of The Sands /
_cErskine Childers
260 _bWordsworth Classics,
_aLondon:
_c1993.
300 _a277p
650 _aEnglish
942 _cBK
_2ddc
_h823.912
_iCHI/R
_k823.912
_mCHI/R